Dealing with noisy plumbing (Record no. 102464)

MARC details
000 -LEADER
fixed length control field 00516cam a2200205 4500
008 - FIXED-LENGTH DATA ELEMENTS--GENERAL INFORMATION
fixed length control field 000000n2002 000 0 eng u
020 ## - INTERNATIONAL STANDARD BOOK NUMBER
International Standard Book Number 1860815723
035 ## - SYSTEM CONTROL NUMBER
System control number (Sirsi) u120051
041 ## - LANGUAGE CODE
Language code of text/sound track or separate title eng
050 ## - LIBRARY OF CONGRESS CALL NUMBER
Classification number 696.1
110 ## - MAIN ENTRY--CORPORATE NAME
Corporate name or jurisdiction name as entry element Building Research Establishment
245 ## - TITLE STATEMENT
Title Dealing with noisy plumbing
260 ## - PUBLICATION, DISTRIBUTION, ETC.
Place of publication, distribution, etc. London
Name of publisher, distributor, etc. CRC
Date of publication, distribution, etc. 2002
300 ## - PHYSICAL DESCRIPTION
Extent 6p.
Other physical details ill.
Dimensions 30cm.
490 ## - SERIES STATEMENT
Series statement BRE Good Repair Guide
Volume/sequential designation 32
650 ## - SUBJECT ADDED ENTRY--TOPICAL TERM
Topical term or geographic name entry element NOISE
650 ## - SUBJECT ADDED ENTRY--TOPICAL TERM
Topical term or geographic name entry element PLUMBING
690 ## - LOCAL SUBJECT ADDED ENTRY--TOPICAL TERM (OCLC, RLIN)
Topical term or geographic name as entry element Block management
9 (RLIN) 6220
942 ## - ADDED ENTRY ELEMENTS (KOHA)
Suppress in OPAC 0
Holdings
Withdrawn status Lost status Source of classification or shelving scheme Damaged status Not for loan Home library Current library Shelving location Date acquired Total Checkouts Full call number Barcode Date last seen Copy number Price effective from Koha item type
    Dewey Decimal Classification     London London BRE publications 10/10/2002   ENQUIRY DESK 30066791 06/08/2019 1 06/08/2019 Book